[Event "FIDE World Cup 2021"]
[Site "Krasnaya Polyana (Sochi) RUS"]
[Date "2021.07.17"]
[EventDate "2021.07.12"]
[Round "2.3"]
[Result "0-1"]
[White "Parham Maghsoodloo"]
[Black "Kiril Georgiev"]
[WhiteElo "2698"]
[BlackElo "2594"]
[PlyCount "86"]

1. e4 e5 2. Nf3 Nc6 3. Bb5 Nf6 4. d3 Bc5 5. c3 O-O 6. O-O d6 7. Re1 Bd7 8. d4
Bb6 9. a4 a6 10. Bxc6 Bxc6 11. Nbd2 exd4 12. Nxd4 Re8 13. f3 h6 14. Nf1 Bd7 15.
a5 Ba7 16. Ng3 b5 17. axb6 Bxb6 18. Kh1 a5 19. Qd3 a4 20. Bd2 Re5 21. f4 Re8 22.
h3 c6 23. c4 d5 24. cxd5 cxd5 25. exd5 Nxd5 26. Ndf5 Nf6 27. Nxg7 Rxe1+ 28. Rxe1
Bxh3 29. Qc2 Bf2 30. Ba5 Rxa5 31. Qxf2 Bg4 32. b4 Rd5 33. b5 Kxg7 34. Qb2 Rd1
35. Rxd1 Qxd1+ 36. Kh2 Qb3 37. Qe5 Qd5 38. Qb2 Bc8 39. b6 Bb7 40. f5 Kg8 41. Kh3
Ne4 42. Qa3 Nf2+ 43. Kh4 Qxg2 0-1

[Event "FIDE World Cup 2021"]
[Site "Krasnaya Polyana (Sochi) RUS"]
[Date "2021.07.17"]
[EventDate "2021.07.12"]
[Round "2.3"]
[Result "1-0"]
[White "AR Saleh Salem"]
[Black "Aleksandar Indjic"]
[WhiteElo "2682"]
[BlackElo "2607"]
[PlyCount "84"]

1. d4 Nf6 2. c4 e6 3. Nf3 d5 4. Nc3 Nbd7 5. Bg5 h6 6. Bh4 Be7 7. e3 O-O 8. Bd3
c5 9. O-O dxc4 10. Bxc4 a6 11. a4 b6 12. Qe2 Bb7 13. Rfd1 Nd5 14. Bxd5 Bxd5 15.
Bxe7 Bxf3 16. Qxf3 Qxe7 17. d5 Nf6 18. d6 Qd7 19. e4 e5 20. Rd2 Rfd8 21. Rad1 c4
22. h3 Rac8 23. Qe3 Rc6 24. Nd5 Nxd5 25. Rxd5 Re8 26. f4 exf4 27. Qxf4 c3 28.
bxc3 Rxc3 29. e5 Rc2 30. R1d3 b5 31. axb5 axb5 32. Rg3 Kh8 33. Kh2 Rc4 34. Qd2
Re4 35. Qc3 b4 36. Qc7 Rd8 37. Rc5 Kh7 38. Qb6 Re8 39. Rc7 Qe6 40. Qb7 Qxe5 41.
Rxf7 Rg8 42. Re7 1-0

[Event "FIDE World Cup 2021"]
[Site "Krasnaya Polyana (Sochi) RUS"]
[Date "2021.07.17"]
[EventDate "2021.07.12"]
[Round "2.3"]
[Result "1/2-1/2"]
[White "Ravi Haria"]
[Black "Etienne Bacrot"]
[WhiteElo "2440"]
[BlackElo "2678"]
[PlyCount "26"]

1. Nf3 d5 2. g3 Nf6 3. Bg2 c6 4. c4 dxc4 5. O-O Nbd7 6. Na3 Nb6 7. Ne5 h5 8. h4
Be6 9. Qc2 Qd4 10. Nf3 Qd7 11. Ne5 Qd4 12. Nf3 Qd7 13. Ne5 Qd4 1/2-1/2

[Event "FIDE World Cup 2021"]
[Site "Krasnaya Polyana (Sochi) RUS"]
[Date "2021.07.17"]
[EventDate "2021.07.12"]
[Round "2.3"]
[Result "1/2-1/2"]
[White "Ferenc Berkes"]
[Black "M Amin Tabatabaei"]
[WhiteElo "2673"]
[BlackElo "2613"]
[PlyCount "112"]

1. d4 d5 2. c4 e6 3. Nc3 c5 4. cxd5 cxd4 5. Qa4+ Bd7 6. Qxd4 exd5 7. Qxd5 Nf6 8.
Qd1 Bc5 9. Nf3 O-O 10. a3 Nc6 11. Bf4 Qb6 12. e3 Rfd8 13. Nd2 Be6 14. Qc2 Bd6
15. Bg5 Be5 16. Rd1 h6 17. Bxf6 Bxf6 18. Be2 Rac8 19. O-O Na5 20. Nde4 Be7 21.
Rxd8+ Rxd8 22. Rd1 Rxd1+ 23. Nxd1 Qd8 24. Ndc3 a6 25. Qd2 Nb3 26. Qxd8+ Bxd8 27.
Kf1 f5 28. Ng3 g6 29. Ke1 Nc1 30. Bf1 Bf6 31. Kd1 Na2 32. Nge2 Nxc3+ 33. Nxc3
Kf7 34. Be2 Ke7 35. Bf3 b6 36. Kc2 Kd6 37. g3 a5 38. Ne2 Kc5 39. Nf4 Bf7 40.
Nd3+ Kd6 41. b3 Be8 42. h3 g5 43. g4 Bg6 44. Be2 fxg4 45. hxg4 Be7 46. Kc3 Bxd3
47. Bxd3 Ke5 48. b4 axb4+ 49. axb4 Kd5 50. Bf1 Bf6+ 51. Kd3 Ke5 52. Kc4 Be7 53.
Bg2 Bf8 54. Bf3 Be7 55. Kb5 Bf8 56. Kc4 1/2-1/2

[Event "FIDE World Cup 2021"]
[Site "Krasnaya Polyana (Sochi) RUS"]
[Date "2021.07.17"]
[EventDate "2021.07.12"]
[Round "2.3"]
[Result "1/2-1/2"]
[White "Nils Grandelius"]
[Black "Varuzhan Akobian"]
[WhiteElo "2661"]
[BlackElo "2614"]
[PlyCount "74"]

1. e4 e6 2. d4 d5 3. e5 c5 4. c3 Qb6 5. Nf3 Nc6 6. Be2 cxd4 7. cxd4 Nge7 8. Na3
Nf5 9. Nc2 Bd7 10. O-O Rc8 11. h4 Be7 12. h5 h6 13. Rb1 Nb4 14. Nxb4 Qxb4 15. g4
Nh4 16. Nxh4 Bxh4 17. Be3 Be7 18. f4 Kd8 19. a3 Qb6 20. Qd2 Bb5 21. Bxb5 Qxb5
22. f5 Qb3 23. Rbc1 Kd7 24. Kg2 Rhg8 25. fxe6+ fxe6 26. Rf7 Rxc1 27. Qxc1 Rf8
28. Rxg7 Qd3 29. Rxe7+ Kxe7 30. Qc7+ Ke8 31. Qc8+ Kf7 32. Qd7+ Kg8 33. Qxe6+ Rf7
34. Qe8+ Rf8 35. Qe6+ Rf7 36. Qe8+ Rf8 37. Qe6+ 1/2-1/2

[Event "FIDE World Cup 2021"]
[Site "Krasnaya Polyana (Sochi) RUS"]
[Date "2021.07.17"]
[EventDate "2021.07.12"]
[Round "2.3"]
[Result "1/2-1/2"]
[White "Viktor Erdos"]
[Black "Matthias Bluebaum"]
[WhiteElo "2614"]
[BlackElo "2669"]
[PlyCount "150"]

1. e4 c6 2. Nf3 d5 3. Nc3 dxe4 4. Nxe4 Nf6 5. Qe2 Nxe4 6. Qxe4 Nd7 7. d4 Nf6 8.
Qd3 g6 9. Be2 Bg7 10. O-O O-O 11. h3 Qc7 12. c4 Rd8 13. Qa3 b6 14. Bg5 c5 15.
dxc5 bxc5 16. Rfd1 Bb7 17. Bd2 Ne4 18. Ba5 Rxd1+ 19. Rxd1 Qc6 20. Bf1 Bf6 21. b4
cxb4 22. Bxb4 Qc7 23. Ba5 Qc5 24. Qxc5 Nxc5 25. Nd4 Ne4 26. Nb3 Bc6 27. Re1 Rc8
28. Bd3 Nd6 29. c5 Nb5 30. Be4 Kg7 31. Bxc6 Rxc6 32. Rd1 Ra6 33. Rc1 Rc6 34. Rc4
Nc7 35. Bd2 Nd5 36. Ra4 Rc7 37. Ra6 Bc3 38. Bxc3+ Nxc3 39. f3 e6 40. Kf2 Kf6 41.
Ke3 Ke5 42. Kd3 Nd5 43. Ke2 Nf4+ 44. Kf2 g5 45. Ra5 h5 46. g3 Nd5 47. h4 gxh4
48. gxh4 Nf4 49. Ra4 f5 50. Rc4 Rg7 51. Ke3 Nd5+ 52. Kf2 Rg2+ 53. Kxg2 Ne3+ 54.
Kf2 Nxc4 55. c6 Kd6 56. Nd4 Kd5 57. c7 Nd6 58. Ne2 Kc6 59. Nf4 e5 60. Ng6 Kxc7
61. Nxe5 f4 62. Ng6 Nf5 63. Ke2 Nd4+ 64. Kd3 Nxf3 65. Ke4 Nd2+ 66. Kxf4 Kd6 67.
Ke3 Nc4+ 68. Kd4 Nd2 69. Kd3 Nf3 70. Ke3 Ne5 71. Nf4 a5 72. Ke4 a4 73. Nxh5 Ng6
74. Nf4 Nxh4 75. Kd4 1/2-1/2

[Event "FIDE World Cup 2021"]
[Site "Krasnaya Polyana (Sochi) RUS"]
[Date "2021.07.17"]
[EventDate "2021.07.12"]
[Round "2.3"]
[Result "1/2-1/2"]
[White "Rasmus Svane"]
[Black "Ivan Cheparinov"]
[WhiteElo "2615"]
[BlackElo "2667"]
[PlyCount "92"]

1. d4 d5 2. c4 c6 3. Nc3 Nf6 4. cxd5 cxd5 5. Bf4 Nc6 6. e3 Bf5 7. Qb3 Na5 8.
Qa4+ Bd7 9. Qc2 e6 10. Bd3 Rc8 11. Nf3 Bb4 12. O-O O-O 13. Ne5 a6 14. Bg5 h6 15.
Bxf6 gxf6 16. Nxd7 Qxd7 17. Rac1 Bxc3 18. bxc3 f5 19. f3 Nc4 20. Qf2 Qe7 21. e4
dxe4 22. fxe4 fxe4 23. Bxe4 f5 24. Bd3 Qf6 25. Rce1 Nb6 26. Rc1 Kh8 27. Kh1 Rc6
28. c4 Rd8 29. d5 exd5 30. c5 Na4 31. Bxf5 d4 32. Qg3 Qg7 33. Qa3 Nc3 34. Rf3
Qe5 35. Qb3 Rf6 36. Rcf1 Qd5 37. Bd3 Rxf3 38. Rxf3 Qxb3 39. axb3 Re8 40. h4 Re3
41. Rxe3 dxe3 42. Kg1 a5 43. g4 a4 44. bxa4 Nxa4 45. Kf1 Nxc5 46. Ke2 Nxd3 1/2-1/2

[Event "FIDE World Cup 2021"]
[Site "Krasnaya Polyana (Sochi) RUS"]
[Date "2021.07.17"]
[EventDate "2021.07.12"]
[Round "2.3"]
[Result "1/2-1/2"]
[White "Shant Sargsyan"]
[Black "Nijat Abasov"]
[WhiteElo "2626"]
[BlackElo "2656"]
[PlyCount "80"]

1. d4 Nf6 2. c4 e6 3. Nf3 d5 4. Nc3 h6 5. Bf4 Bb4 6. cxd5 Nxd5 7. Bd2 O-O 8. e4
Nxc3 9. bxc3 Ba5 10. Bc4 b6 11. O-O Bb7 12. Qe2 Nd7 13. Rad1 Qe7 14. e5 c5 15.
Bd3 Rfd8 16. Be4 Nf8 17. h4 cxd4 18. cxd4 Bxd2 19. Rxd2 Bxe4 20. Qxe4 Rd5 21.
Rc1 Rad8 22. g3 R5d7 23. Kg2 Rb8 24. Rdc2 Qd8 25. h5 b5 26. Rc6 a5 27. R1c5 Nh7
28. Qc2 Qe7 29. Rc8+ Rxc8 30. Rxc8+ Rd8 31. d5 exd5 32. Nd4 Rxc8 33. Qxc8+ Nf8
34. f4 b4 35. Nc6 Qc5 36. Qe8 Qc2+ 37. Kh3 Qe2 38. Ne7+ Kh7 39. Qxf8 Qxh5+ 40.
Kg2 Qe2+ 1/2-1/2

[Event "FIDE World Cup 2021"]
[Site "Krasnaya Polyana (Sochi) RUS"]
[Date "2021.07.17"]
[EventDate "2021.07.12"]
[Round "2.3"]
[Result "0-1"]
[White "Alexei Shirov"]
[Black "Yaroslav Zherebukh"]
[WhiteElo "2662"]
[BlackElo "2620"]
[PlyCount "86"]

1. d4 Nf6 2. c4 g6 3. Nc3 d5 4. cxd5 Nxd5 5. e4 Nxc3 6. bxc3 Bg7 7. Be3 c5 8.
Nf3 Qa5 9. Qd2 O-O 10. Rc1 Nd7 11. Bh6 Nf6 12. Bd3 Rd8 13. d5 e6 14. O-O c4 15.
Bb1 exd5 16. Bxg7 Kxg7 17. e5 Ne4 18. Qf4 Re8 19. h4 h6 20. Nd4 Qc7 21. f3 Nc5
22. Qf6+ Kg8 23. Bxg6 fxg6 24. Qxg6+ Kf8 25. Qxh6+ Qg7 26. Qd6+ Qe7 27. Qxd5 Be6
28. Nxe6+ Nxe6 29. Qxc4 Rac8 30. Qe4 Nc5 31. Qf5+ Kg7 32. Qg4+ Kh6 33. Rce1 Ne6
34. f4 Rg8 35. Qh3 Rc4 36. Rd1 Nxf4 37. Rxf4 Rxf4 38. Rd6+ Kh5 39. Qd3 Qg7 40.
Qd5 Rgf8 41. Rf6 Kxh4 42. Rxf4+ Rxf4 43. e6 0-1

[Event "FIDE World Cup 2021"]
[Site "Krasnaya Polyana (Sochi) RUS"]
[Date "2021.07.17"]
[EventDate "2021.07.12"]
[Round "2.3"]
[Result "1/2-1/2"]
[White "Benjamin Bok"]
[Black "Samuel Sevian"]
[WhiteElo "2624"]
[BlackElo "2647"]
[PlyCount "80"]

1. d4 Nf6 2. c4 e6 3. Nc3 Bb4 4. Qc2 d5 5. a3 Bxc3+ 6. Qxc3 O-O 7. Bg5 h6 8.
Bxf6 Qxf6 9. Nf3 dxc4 10. Qxc4 Nc6 11. Qc3 Re8 12. e3 e5 13. dxe5 Nxe5 14. Nxe5
Qxe5 15. Qxe5 Rxe5 16. Rc1 c6 17. Bc4 Kf8 18. Ke2 Be6 19. Rhd1 Ke7 20. Bxe6 Rxe6
21. f3 a5 22. Rc4 Rd8 23. Rxd8 Kxd8 24. e4 Re5 25. b3 Rb5 26. Rc3 Kd7 27. Ke3 g5
28. Kd4 Ke6 29. g3 f5 30. f4 gxf4 31. gxf4 fxe4 32. Kxe4 Rh5 33. h3 Rd5 34. Rg3
Kf6 35. Rc3 Rd1 36. Rc5 Re1+ 37. Kf3 Rb1 38. Rxa5 Rxb3+ 39. Kg4 b5 40. Ra6 1/2-1/2

[Event "FIDE World Cup 2021"]
[Site "Krasnaya Polyana (Sochi) RUS"]
[Date "2021.07.17"]
[EventDate "2021.07.12"]
[Round "2.3"]
[Result "1/2-1/2"]
[White "Grigoriy Oparin"]
[Black "Bogdan-Daniel Deac"]
[WhiteElo "2654"]
[BlackElo "2639"]
[PlyCount "100"]

1. d4 Nf6 2. c4 e6 3. Nf3 d5 4. g3 Be7 5. Bg2 O-O 6. Nc3 dxc4 7. Ne5 Qd6 8. O-O
Qa6 9. Qc2 Nfd7 10. Bf4 Nxe5 11. dxe5 Bd7 12. b4 cxb3 13. axb3 Qb6 14. Rfd1 c5
15. Ne4 Bc6 16. Bg5 Bxe4 17. Qxe4 Bxg5 18. Qxb7 Nc6 19. Qxb6 axb6 20. Bxc6 Rxa1
21. Rxa1 Bd2 22. Ra6 Rb8 23. Kg2 g5 24. Bb5 Rd8 25. Rxb6 Rd5 26. e4 Rxe5 27. Bd3
g4 28. h3 h5 29. h4 Kg7 30. f4 gxf3+ 31. Kxf3 f5 32. Rd6 Bc1 33. Bc2 Bh6 34. Rd8
Bc1 35. Ra8 Bd2 36. Ra4 Bc1 37. Bd3 Bd2 38. Kf2 Bc1 39. exf5 exf5 40. Be2 Be3+
41. Kg2 f4 42. gxf4 Bxf4 43. Bxh5 Rxh5 44. Rxf4 Rd5 45. Rf3 Rd2+ 46. Kg3 Rc2 47.
Kg4 c4 48. bxc4 Rxc4+ 49. Rf4 Rxf4+ 50. Kxf4 1/2-1/2

[Event "FIDE World Cup 2021"]
[Site "Krasnaya Polyana (Sochi) RUS"]
[Date "2021.07.17"]
[EventDate "2021.07.12"]
[Round "2.3"]
[Result "1-0"]
[White "Sandro Mareco"]
[Black "Jorge Cori"]
[WhiteElo "2629"]
[BlackElo "2652"]
[PlyCount "54"]

1. e4 c6 2. d4 d5 3. e5 Bf5 4. Nc3 e6 5. g4 Bg6 6. Nge2 c5 7. h4 h6 8. Be3 Nc6
9. f4 cxd4 10. Nxd4 Nxd4 11. Qxd4 Ne7 12. O-O-O Nc6 13. Qa4 a6 14. f5 Bh7 15.
Bg2 Rc8 16. Nxd5 exd5 17. Bxd5 Qc7 18. e6 f6 19. Bf4 Qb6 20. Rh3 h5 21. Rb3 Qa7
22. Be3 Qa8 23. Bxc6+ Rxc6 24. Rd7 b5 25. Rxb5 Rxc2+ 26. Qxc2 axb5 27. Bb6 1-0

[Event "FIDE World Cup 2021"]
[Site "Krasnaya Polyana (Sochi) RUS"]
[Date "2021.07.17"]
[EventDate "2021.07.12"]
[Round "2.3"]
[Result "1/2-1/2"]
[White "Alexey Sarana"]
[Black "Vladislav Kovalev"]
[WhiteElo "2640"]
[BlackElo "2637"]
[PlyCount "108"]

1. d4 Nf6 2. c4 e6 3. Nf3 b6 4. g3 Bb7 5. Bg2 c5 6. d5 exd5 7. Nh4 g6 8. Nc3 d6
9. Bg5 Be7 10. Nxd5 Nxd5 11. Bxd5 Nc6 12. Bxe7 Qxe7 13. O-O O-O 14. Re1 Rad8 15.
Qd2 Ne5 16. Rad1 Bxd5 17. Qxd5 Ng4 18. Qf3 Ne5 19. Qc3 Qe6 20. Rd5 b5 21. b3
bxc4 22. bxc4 Nd7 23. Rdd1 Nb6 24. Rc1 Rfe8 25. Ng2 Qe5 26. Qa3 Qe4 27. Ne3 d5
28. Qxa7 Nxc4 29. Nxc4 dxc4 30. Qxc5 Rc8 31. Qb4 h5 32. h4 Re6 33. Rc3 Qg4 34.
Qb2 Rce8 35. e3 Rc8 36. Qd2 Ra6 37. Rec1 Qe4 38. Qd7 Rac6 39. a4 R6c7 40. Qd4
Qe6 41. a5 Qa6 42. Ra1 Rc5 43. Qd7 R5c7 44. Qa4 Rc5 45. Qa3 Rd5 46. e4 Rdc5 47.
Kg2 Qa8 48. a6 Qxe4+ 49. Kg1 R5c7 50. Qd6 Qa8 51. Qd4 Rd8 52. Qf6 Rc6 53. Qf3
Rxa6 54. Qxa8 1/2-1/2

[Event "FIDE World Cup 2021"]
[Site "Krasnaya Polyana (Sochi) RUS"]
[Date "2021.07.17"]
[EventDate "2021.07.12"]
[Round "2.4"]
[Result "1-0"]
[White "Shakhriyar Mamedyarov"]
[Black "Krikor Sevag Mekhitarian"]
[WhiteElo "2782"]
[BlackElo "2554"]
[PlyCount "62"]

1. d4 Nf6 2. c4 e6 3. Nf3 d5 4. Nc3 a6 5. cxd5 exd5 6. Bg5 Be6 7. e3 Nbd7 8. Bd3
Bd6 9. O-O c6 10. a3 Qc7 11. Rc1 h6 12. Bh4 O-O 13. Bg3 Bxg3 14. hxg3 Rfe8 15.
b4 Qd6 16. Na4 Bg4 17. Qc2 Ne4 18. Nc5 Nexc5 19. bxc5 Qf6 20. Rb1 Rab8 21. Nh2
Be6 22. Rb3 h5 23. Rfb1 h4 24. g4 Qg5 25. f4 Qh6 26. g5 Qh5 27. Be2 Qg6 28. Qxg6
fxg6 29. Rxb7 Bf5 30. Rxb8 Nxb8 31. Rb7 1-0

[Event "FIDE World Cup 2021"]
[Site "Krasnaya Polyana (Sochi) RUS"]
[Date "2021.07.17"]
[EventDate "2021.07.12"]
[Round "2.4"]
[Result "0-1"]
[White "Dominguez Perez, Leinier"]
[Black "Jakhongir Vakhidov"]
[WhiteElo "2758"]
[BlackElo "2534"]
[PlyCount "118"]

1. e4 c5 2. Nf3 g6 3. d4 cxd4 4. Nxd4 Bg7 5. c4 Nc6 6. Be3 Qb6 7. Nb5 Qa5+ 8.
N1c3 Nf6 9. Bd2 Qd8 10. Be2 O-O 11. Be3 d6 12. O-O a6 13. Nd4 Nxd4 14. Bxd4 Bd7
15. f3 a5 16. Qd2 Bc6 17. b3 Nd7 18. Be3 Nc5 19. Rab1 e6 20. Rfd1 Be5 21. g3 Qe7
22. Bg5 Bf6 23. Bxf6 Qxf6 24. Qd4 Qe5 25. a3 Qxd4+ 26. Rxd4 Rfd8 27. Bd1 e5 28.
Rd2 Ne6 29. Kf2 f5 30. Ke3 Nd4 31. exf5 Nxf5+ 32. Kf2 Rf8 33. Nd5 Nd4 34. Ne7+
Kg7 35. Nxc6 bxc6 36. b4 axb4 37. axb4 Ra3 38. Kg2 Rc3 39. b5 Rxc4 40. b6 Rb8
41. Ra2 Nb5 42. Be2 Rc5 43. Bxb5 Rxb5 44. Ra7+ Kf6 45. Rd1 d5 46. Rxh7 R5xb6 47.
Rc1 d4 48. h4 Ke6 49. Rg7 Kd5 50. Rxg6 c5 51. Rg7 R6b7 52. Rg5 Rb1 53. Rxb1 Rxb1
54. h5 d3 55. Rg8 Kd4 56. h6 Rb2+ 57. Kh3 Rb6 58. Rh8 d2 59. Kg4 Ke3 0-1

[Event "FIDE World Cup 2021"]
[Site "Krasnaya Polyana (Sochi) RUS"]
[Date "2021.07.17"]
[EventDate "2021.07.12"]
[Round "2.4"]
[Result "1-0"]
[White "Santosh Gujrathi Vidit"]
[Black "Alexandr Fier"]
[WhiteElo "2726"]
[BlackElo "2569"]
[PlyCount "92"]

1. d4 d5 2. c4 e6 3. Nf3 Nf6 4. g3 dxc4 5. Bg2 Nc6 6. Qa4 Bb4+ 7. Bd2 Nd5 8. Qc2
b5 9. a4 Bxd2+ 10. Nbxd2 Ncb4 11. Qc1 c6 12. b3 c3 13. Ne4 c2 14. a5 O-O 15. Qd2
Qe7 16. O-O Rd8 17. Nc5 Na6 18. Qxc2 Nxc5 19. Qxc5 Qxc5 20. dxc5 Bd7 21. Rfd1
Be8 22. Kf1 Kf8 23. Ng5 Ke7 24. Ne4 f6 25. Nd6 Bg6 26. Rac1 Rab8 27. Rd4 b4 28.
Rcc4 e5 29. Rh4 Ke6 30. a6 Bb1 31. Bh3+ Ke7 32. Bf5 Bxf5 33. Nxf5+ Kf7 34. Rxh7
Kg6 35. Rxg7+ Kxf5 36. e4+ Ke6 37. exd5+ cxd5 38. Rh4 Rdc8 39. Rb7 Ra8 40. Rhh7
Rc6 41. g4 d4 42. Rbd7 Re8 43. Rxa7 Rxc5 44. Rab7 d3 45. Rb6+ Kd5 46. Rd7+ 1-0

[Event "FIDE World Cup 2021"]
[Site "Krasnaya Polyana (Sochi) RUS"]
[Date "2021.07.17"]
[EventDate "2021.07.12"]
[Round "2.4"]
[Result "0-1"]
[White "Thai Dai Van Nguyen"]
[Black "Andrey Esipenko"]
[WhiteElo "2588"]
[BlackElo "2716"]
[PlyCount "58"]

1. d4 d5 2. c4 c6 3. Nf3 Nf6 4. Nc3 a6 5. c5 Nbd7 6. h3 Qc7 7. g3 e5 8. Nxe5
Nxe5 9. Bf4 Nfd7 10. dxe5 Bxc5 11. Bg2 Nxe5 12. O-O Qe7 13. Rc1 Ng6 14. Bd2 Ba7
15. a3 O-O 16. e4 d4 17. Na4 c5 18. Ba5 b5 19. Nb6 Rb8 20. Nd5 Qd7 21. Qh5 Bb7
22. b3 Rfe8 23. h4 Re5 24. Qd1 Rbe8 25. Qd3 Ne7 26. Nb6 Qe6 27. f4 Bxe4 28. Qd2
Bxg2 29. Qxg2 Re2 0-1

[Event "FIDE World Cup 2021"]
[Site "Krasnaya Polyana (Sochi) RUS"]
[Date "2021.07.17"]
[EventDate "2021.07.12"]
[Round "2.4"]
[Result "1-0"]
[White "Vladislav Artemiev"]
[Black "Volodar Murzin"]
[WhiteElo "2704"]
[BlackElo "2502"]
[PlyCount "78"]

1. Nf3 Nf6 2. g3 d5 3. Bg2 Bg4 4. c4 c6 5. Ne5 Be6 6. cxd5 Bxd5 7. Nf3 c5 8. Nc3
Bc6 9. O-O Nbd7 10. d3 e6 11. e4 Be7 12. Qe2 e5 13. a4 O-O 14. Nd2 Re8 15. Nc4
Bf8 16. Bd2 b6 17. Nd1 Bxa4 18. Rxa4 b5 19. Ra2 bxc4 20. dxc4 Nb8 21. Nc3 Nc6
22. Nd5 Nd4 23. Qd3 Nxd5 24. cxd5 Qb6 25. Qc4 Reb8 26. Bc3 Qb3 27. Qxb3 Rxb3 28.
Kh1 f6 29. Bh3 Nb5 30. Be6+ Kh8 31. Rfa1 Rb8 32. Kg2 Nd6 33. Rxa7 Nxe4 34. d6
R3b6 35. d7 Nxc3 36. Rc7 Rd8 37. Ra8 Rxa8 38. Rc8 Rd6 39. Rxa8 1-0

[Event "FIDE World Cup 2021"]
[Site "Krasnaya Polyana (Sochi) RUS"]
[Date "2021.07.17"]
[EventDate "2021.07.12"]
[Round "2.4"]
[Result "1/2-1/2"]
[White "Kiril Georgiev"]
[Black "Parham Maghsoodloo"]
[WhiteElo "2594"]
[BlackElo "2698"]
[PlyCount "122"]

1. c4 f5 2. d4 Nf6 3. Nc3 g6 4. Bf4 d6 5. e3 Bg7 6. h3 c6 7. Nf3 Nbd7 8. Be2 O-O
9. O-O Qe8 10. Bh2 h6 11. b4 e5 12. c5 Ne4 13. Rc1 Nxc3 14. Rxc3 e4 15. Nd2 d5
16. b5 f4 17. Bxf4 Rxf4 18. exf4 Bxd4 19. Rg3 Bg7 20. Nb3 Kh7 21. h4 Qf8 22.
bxc6 bxc6 23. h5 Qxf4 24. hxg6+ Kg8 25. Bg4 Ne5 26. Bxc8 Rxc8 27. Nd4 Qf6 28.
Qe2 Rf8 29. Rd1 Kh8 30. Rd2 Kg8 31. Rd1 Nd7 32. Nb3 a5 33. a4 Rb8 34. Nd4 Nxc5
35. Qg4 Rf8 36. f4 Re8 37. Nf5 Ne6 38. Rh3 Qf8 39. Rf1 Nd4 40. Ne3 Qf6 41. Qh5
Qf8 42. Kh1 Re6 43. g4 Nf3 44. g5 Qxf4 45. gxh6 Re5 46. Qg4 Qxg4 47. Nxg4 Rg5
48. h7+ Kf8 49. Nh2 Bh8 50. Nxf3 exf3 51. Rhxf3+ Kg7 52. Rf6 c5 53. Rc6 Rxg6 54.
Rg1 Rxg1+ 55. Kxg1 Kxh7 56. Kg2 c4 57. Rc5 Bb2 58. Rxd5 c3 59. Rxa5 c2 60. Rc5
c1=Q 61. Rxc1 Bxc1 1/2-1/2

[Event "FIDE World Cup 2021"]
[Site "Krasnaya Polyana (Sochi) RUS"]
[Date "2021.07.17"]
[EventDate "2021.07.12"]
[Round "2.4"]
[Result "1/2-1/2"]
[White "Timur Gareyev"]
[Black "Dmitry Jakovenko"]
[WhiteElo "2596"]
[BlackElo "2684"]
[PlyCount "68"]

1. d4 Nf6 2. c4 e6 3. Nf3 b6 4. Nc3 Bb4 5. Bd2 Bb7 6. e3 O-O 7. a3 Bxc3 8. Bxc3
Ne4 9. Rc1 d6 10. Be2 Nd7 11. O-O f5 12. d5 Qe8 13. Nd4 Ndc5 14. b4 Nxc3 15.
Rxc3 Ne4 16. Rc1 Bc8 17. dxe6 Kh8 18. c5 bxc5 19. bxc5 Nxc5 20. Bf3 Rb8 21. e7
Rg8 22. Bd5 Ba6 23. Re1 Qxe7 24. Nxf5 Qf6 25. Bxg8 Rxg8 26. e4 Nd3 27. Rxc7 Nxe1
28. Qxe1 d5 29. Ne7 Re8 30. exd5 Qb6 31. Qc1 Rf8 32. Qc5 Qb1+ 33. Qc1 Qb6 34.
Qc5 Qb1+ 1/2-1/2

[Event "FIDE World Cup 2021"]
[Site "Krasnaya Polyana (Sochi) RUS"]
[Date "2021.07.17"]
[EventDate "2021.07.12"]
[Round "2.4"]
[Result "0-1"]
[White "Aleksandar Indjic"]
[Black "AR Saleh Salem"]
[WhiteElo "2607"]
[BlackElo "2682"]
[PlyCount "56"]

1. d4 d5 2. Nf3 e6 3. c4 Nf6 4. Bg5 Nbd7 5. Nbd2 Be7 6. Qc2 O-O 7. e3 b6 8. Bd3
h6 9. cxd5 Nxd5 10. Bxe7 Qxe7 11. Be4 Ba6 12. Bxd5 exd5 13. Qc6 Qe6 14. Qa4 Bd3
15. Qb3 Ba6 16. Qa3 Bb5 17. Qb3 Ba6 18. Rc1 c5 19. Rc3 Rfe8 20. Qa4 b5 21. Qa5
b4 22. Rc1 Rac8 23. Kd1 cxd4 24. Rxc8 Rxc8 25. Nxd4 Qg4+ 26. N4f3 Nc5 27. Rg1
Qg6 28. Ne5 Nd3 0-1

[Event "FIDE World Cup 2021"]
[Site "Krasnaya Polyana (Sochi) RUS"]
[Date "2021.07.17"]
[EventDate "2021.07.12"]
[Round "2.4"]
[Result "1-0"]
[White "Etienne Bacrot"]
[Black "Ravi Haria"]
[WhiteElo "2678"]
[BlackElo "2440"]
[PlyCount "92"]

1. e4 e6 2. d4 d5 3. Nc3 Nf6 4. Bg5 h6 5. Bxf6 Qxf6 6. exd5 Bb4 7. Bc4 O-O 8.
Ne2 exd5 9. Bxd5 Rd8 10. O-O Nc6 11. Bb3 Bxc3 12. bxc3 Bg4 13. Qd3 Ne7 14. Ng3
Nd5 15. Rae1 Nf4 16. Qe3 Re8 17. Ne4 Qf5 18. f3 Bh3 19. g4 Qg6 20. Qxf4 Bxf1 21.
Kxf1 Re7 22. Kf2 Rae8 23. h4 a5 24. a4 Qc6 25. g5 Kh8 26. Rg1 Qg6 27. gxh6 Qxh6
28. Qxh6+ gxh6 29. Bc4 Rg8 30. Rxg8+ Kxg8 31. Ng3 c6 32. Nf5 Rc7 33. Nxh6+ Kf8
34. Nf5 b5 35. Bb3 bxa4 36. Bxa4 Rb7 37. Nd6 Rb2 38. Ne4 Ra2 39. Nc5 Ra3 40. Bb3
Ra1 41. Ke3 Rh1 42. Ba4 Rxh4 43. Bxc6 Rh1 44. d5 Rd1 45. Ke2 Rc1 46. Kd2 1-0

[Event "FIDE World Cup 2021"]
[Site "Krasnaya Polyana (Sochi) RUS"]
[Date "2021.07.17"]
[EventDate "2021.07.12"]
[Round "2.4"]
[Result "1-0"]
[White "M Amin Tabatabaei"]
[Black "Ferenc Berkes"]
[WhiteElo "2613"]
[BlackElo "2673"]
[PlyCount "168"]

1. e4 d6 2. d4 Nf6 3. Nc3 e5 4. Nf3 Nbd7 5. Rg1 h5 6. h3 c6 7. a3 Be7 8. Be3 Qc7
9. g4 hxg4 10. hxg4 d5 11. exd5 Nxd5 12. Nxd5 cxd5 13. dxe5 Nxe5 14. Nxe5 Qxe5
15. Qd4 Qxd4 16. Bxd4 Rh4 17. Be2 f5 18. Bxg7 fxg4 19. O-O-O Be6 20. Bd4 a6 21.
Kb1 Rc8 22. c3 Kd7 23. a4 Bd6 24. a5 Rg8 25. Bd3 Rh5 26. Rh1 Rh3 27. Bc2 Bc7 28.
b4 Rxh1 29. Rxh1 g3 30. fxg3 Bxg3 31. Rh6 Rf8 32. Ba4+ Ke7 33. Kb2 Bd6 34. Bb3
Kd7 35. Rh5 Bf7 36. Rh7 Be7 37. Ba4+ Kd8 38. Ka3 Kc8 39. Bg7 Rg8 40. Bd4 Rf8 41.
Kb3 Bd6 42. Rh6 Be7 43. Kb2 Be8 44. Bb3 Bc6 45. Rh5 Rd8 46. Bb6 Rf8 47. Bxd5
Bxd5 48. Rxd5 Rf6 49. Kb3 Rd6 50. Re5 Rd7 51. Kc4 Kb8 52. Rh5 Bf6 53. Rh6 Rf7
54. Rg6 Kc8 55. Rg8+ Kd7 56. Rb8 Kc6 57. Rc8+ Kd6 58. Kb3 Be5 59. Rd8+ Ke6 60.
Rd3 Bc7 61. Bc5 Rg7 62. Re3+ Kd7 63. Re4 Rh7 64. Ka4 Rh1 65. Re7+ Kc6 66. Kb3
Rh6 67. Bd4 Rg6 68. Rh7 b6 69. axb6 Bxb6 70. Bxb6 Kxb6 71. Rh5 Rg3 72. Re5 Rh3
73. Kc4 Rg3 74. Re6+ Kb7 75. Kd4 Rg4+ 76. Kd5 a5 77. b5 Ra4 78. Kc5 Rh4 79. Re7+
Kc8 80. Ra7 Ra4 81. c4 Kb8 82. b6 Ra1 83. Kc6 a4 84. Rh7 1-0

[Event "FIDE World Cup 2021"]
[Site "Krasnaya Polyana (Sochi) RUS"]
[Date "2021.07.17"]
[EventDate "2021.07.12"]
[Round "2.4"]
[Result "0-1"]
[White "Varuzhan Akobian"]
[Black "Nils Grandelius"]
[WhiteElo "2614"]
[BlackElo "2661"]
[PlyCount "98"]

1. d4 Nf6 2. c4 g6 3. Nc3 d5 4. Nf3 Bg7 5. cxd5 Nxd5 6. e4 Nxc3 7. bxc3 c5 8.
Bb5+ Nc6 9. Rb1 O-O 10. d5 Ne5 11. O-O a6 12. Be2 Nxf3+ 13. Bxf3 b5 14. Be3 Qd6
15. Qd2 Be5 16. g3 f5 17. exf5 Bxf5 18. Rbd1 Bh3 19. Bg2 Bxg2 20. Kxg2 Rad8 21.
Qc2 c4 22. a4 Qf6 23. axb5 axb5 24. Bd4 Rxd5 25. Bxe5 Rxe5 26. Rfe1 Rf5 27. Re2
Rf3 28. Rc1 Rd3 29. Kg1 Rfd8 30. Qb1 Qf3 31. Rce1 Qxe2 32. Rxe2 Rd1+ 33. Re1
Rxb1 34. Rxb1 Rd5 35. Kf1 Kf7 36. Ke2 Ke6 37. h4 Kd6 38. Ra1 Rd3 39. Rc1 Kc5 40.
g4 Rh3 41. f3 Rxh4 42. Ke3 Rh2 43. g5 e5 44. Rd1 Rc2 45. Rd7 Rxc3+ 46. Ke4 Rc1
47. Kxe5 Rh1 48. Rc7+ Kb4 49. f4 Kb3 0-1

[Event "FIDE World Cup 2021"]
[Site "Krasnaya Polyana (Sochi) RUS"]
[Date "2021.07.17"]
[EventDate "2021.07.12"]
[Round "2.4"]
[Result "1-0"]
[White "Matthias Bluebaum"]
[Black "Viktor Erdos"]
[WhiteElo "2669"]
[BlackElo "2614"]
[PlyCount "70"]

1. d4 Nf6 2. Bf4 d5 3. Nf3 Bf5 4. c4 e6 5. Nc3 Bd6 6. Bxd6 Qxd6 7. e3 Nc6 8. c5
Qd7 9. Bb5 Bg4 10. a3 a6 11. Ba4 O-O 12. O-O b5 13. Bc2 Rfe8 14. h3 Bh5 15. Re1
e5 16. dxe5 Bxf3 17. Qxf3 Nxe5 18. Qf4 c6 19. Rad1 a5 20. Qd4 Rad8 21. Ne2 a4
22. Ng3 Nc4 23. Nf5 Qc7 24. f4 h5 25. g4 hxg4 26. hxg4 Re6 27. g5 Nh5 28. Kf2
Rde8 29. Rh1 Re4 30. Bxe4 Rxe4 31. Rxh5 Rxd4 32. Rdh1 Rxf4+ 33. Ke2 f6 34. g6
Rxf5 35. Rh8# 1-0